| 000 | 00423pab a2200145 454500 | ||
|---|---|---|---|
| 008 | 180718b1985 xxu||||| |||| 00| 0 eng d | ||
| 100 | _aAgarwal, J.P. | ||
| 245 |
_aIntra - LDCs foreign direct investment _bA comparative analysis of Third World multinationals |
||
| 260 | _c1985 | ||
| 300 | _a236-53 | ||
| 362 | _aSept. | ||
| 650 | _aInternational Business Enterprises | ||
| 773 | _aDevelopment Economies | ||
| 909 | _a11182 | ||
| 999 |
_c11182 _d11182 |
||